[Event "ESP-ch Rapid 2018"]
[Site "Linares"]
[Date "2018.08.19"]
[Round "1"]
[White "Gomez Fernandez, Alfredo"]
[Black "Garcia Cuenca, Victor"]
[Result "0-1"]
[WhiteElo "1827"]
[BlackElo "2351"]
[Annotator "ChessBase"]
[PlyCount "78"]
[EventDate "2018.08.19"]
[EventType "team-tourn"]
[EventCountry "ESP"]
[SourceTitle "playchess.com"]
[Source "ChessBase"]
[SourceQuality "1"]
[TimeControl "900+5"]

1. e4 {[%emt 0:00:42]} c5 {[%emt 0:00:00]} 2. Nf3 {[%emt 0:00:13]} e6 {[%emt 0:00:00]} 3. d3 {[%emt 0:00:11]} Nc6 {[%emt 0:00:02]} 4. g3 {[%emt 0:00:04]} Nge7 {[%emt 0:00:06]} 5. Bg2 {[%emt 0:00:04]} d5 {[%emt 0:00:02]} 6. Nbd2 {[%emt 0:00:03]} g6 {[%emt 0:00:11]} 7. O-O {[%emt 0:00:21]} Bg7 {[%emt 0:00:04]} 8. Re1 {[%emt 0:00:08]} O-O {[%emt 0:01:18]} 9. c3 {[%emt 0:00:05]} b5 {[%emt 0:00:23]} 10. Qe2 {[%emt 0:00:15]} b4 {[%emt 0:00:10]} 11. e5 {[%emt 0:00:42]} a5 {[%emt 0:00:08]} 12. Nb3 {[%emt 0:00:43]} c4 {[%emt 0:02:42]} 13. Nc5 {[%emt 0:02:00]} cxd3 {[%emt 0:00:05]} 14. Qxd3 {[%emt 0:00:20]} Qc7 {[%emt 0:01:09]} 15. Bf4 {[%emt 0:01:36]} Nxe5 {[%emt 0:02:31]} 16. Nxe5 {[%emt 0:00:38]} Qxc5 {[%emt 0:00:03]} 17. cxb4 {[%emt 0:01:29]} Qxb4 {[%emt 0:00:20]} 18. a3 {[%emt 0:00:57]} Qb6 {[%emt 0:00:32]} 19. Rab1 {[%emt 0:00:34]} Ba6 {[%emt 0:00:04]} 20. Qd2 {[%emt 0:00:13]} Rfd8 {[%emt 0:01:02]} 21. b4 {[%emt 0:00:15]} a4 {[%emt 0:00:18]} 22. Rec1 {[%emt 0:01:06]} Rac8 {[%emt 0:00:39]} 23. Rxc8 {[%emt 0:00:28]} Nxc8 {[%emt 0:00:16]} 24. Rc1 {[%emt 0:00:42]} Bb5 {[%emt 0:00:43]} 25. Ng4 {[%emt 0:00:22]} Nd6 {[%emt 0:00:14]} 26. Nh6+ {[%emt 0:00:49]} Kf8 {[%emt 0:00:05]} 27. Be3 {[%emt 0:00:26]} d4 {[%emt 0:00:05]} 28. Bg5 {[%emt 0:00:09]} f6 {[%emt 0:00:19]} 29. Bh4 {[%emt 0:00:18]} e5 {[%emt 0:01:03]} 30. Ng4 {[%emt 0:00:26]} Nc4 {[%emt 0:00:09]} 31. Qa2 {[%emt 0:00:14]} g5 {[%emt 0:00:44]} 32. Rxc4 {[%emt 0:00:27]} Bxc4 {[%emt 0:00:03]} 33. Qxc4 {[%emt 0:00:01]} gxh4 {[%emt 0:00:05]} 34. b5 {[%emt 0:00:10]} d3 {[%emt 0:00:15]} 35. Bd5 {[%emt 0:00:08]} d2 {[%emt 0:00:07]} 36. Ne3 {[%emt 0:00:21]} Qd6 {[%emt 0:00:24]} 37. Qe2 {[%emt 0:00:11]} f5 {[%emt 0:01:07]} 38. Qxd2 {[%emt 0:00:12]} f4 {[%emt 0:00:02]} 39. gxf4 {[%emt 0:00:05]} exf4 0-1

[Event "ESP-ch Rapid 2018"]
[Site "Linares"]
[Date "2018.08.19"]
[Round "1"]
[White "Costa Tejedor, Juan Carlos"]
[Black "Calzetta Ruiz, Monica"]
[Result "0-1"]
[WhiteElo "1817"]
[BlackElo "2302"]
[Annotator "NA"]
[PlyCount "64"]
[EventDate "2018.08.19"]
[EventType "team-tourn"]
[EventCountry "ESP"]
[SourceTitle "playchess.com"]
[Source "ChessBase"]
[SourceQuality "1"]
[TimeControl "900+5"]

1. e4 {[%emt 0:00:00]} c5 {[%emt 0:00:00]} 2. Nf3 {[%emt 0:00:00]} Nc6 {[%emt 0:00:00]} 3. d4 {[%emt 0:00:10]} cxd4 {[%emt 0:00:01]} 4. Nxd4 {[%emt 0:00:01]} g6 {[%emt 0:00:03]} 5. Nc3 {[%emt 0:00:22]} Bg7 {[%emt 0:00:03]} 6. Be3 {[%emt 0:00:03]} Nf6 {[%emt 0:00:05]} 7. Be2 {[%emt 0:00:36]} O-O {[%emt 0:00:05]} 8. O-O {[%emt 0:00:17]} d5 {[%emt 0:00:03]} 9. exd5 {[%emt 0:02:32]} Nxd5 {[%emt 0:00:03]} 10. Nxd5 {[%emt 0:01:25]} Qxd5 {[%emt 0:02:39]} 11. Bf3 {[%emt 0:00:26]} Qc4 {[%emt 0:00:02]} 12. Nxc6 {[%emt 0:00:14]} bxc6 {[%emt 0:00:03]} 13. c3 {[%emt 0:00:21]} Be6 {[%emt 0:00:50]} 14. Qc2 {[%emt 0:01:41]} Rfd8 {[%emt 0:00:15]} 15. Rfd1 {[%emt 0:01:38]} Rxd1+ {[%emt 0:00:58]} 16. Qxd1 {[%emt 0:00:02]} a5 {[%emt 0:00:09]} 17. g3 {[%emt 0:02:38]} a4 {[%emt 0:00:11]} 18. Be2 {[%emt 0:01:15]} Qd5 {[%emt 0:00:22]} 19. Qxd5 {[%emt 0:00:03]} cxd5 {[%emt 0:00:04]} 20. Bc5 {[%emt 0:00:06]} Bf6 {[%emt 0:00:11]} 21. Bf3 {[%emt 0:00:15]} Rb8 {[%emt 0:00:02]} 22. Ba3 {[%emt 0:00:09]} d4 {[%emt 0:00:10]} 23. cxd4 {[%emt 0:01:36]} Bxd4 {[%emt 0:00:02]} 24. Bxe7 {[%emt 0:00:40]} Rxb2 {[%emt 0:00:10]} 25. Rd1 {[%emt 0:00:11]} Bxf2+ {[%emt 0:00:32]} 26. Kh1 {[%emt 0:00:07]} Bb6 {[%emt 0:00:27]} 27. a3 {[%emt 0:00:12]} Kg7 {[%emt 0:00:19]} 28. Bb4 {[%emt 0:00:08]} Rxb4 {[%emt 0:00:48]} 29. axb4 {[%emt 0:00:02]} a3 {[%emt 0:00:01]} 30. Ra1 {[%emt 0:00:06]} a2 {[%emt 0:00:03]} 31. b5 {[%emt 0:00:13]} Bd4 {[%emt 0:00:02]} 32. Rxa2 {[%emt 0:00:05]} Bxa2 {[%emt 0:00:03]} 0-1

[Event "ESP-ch Rapid 2018"]
[Site "Linares"]
[Date "2018.08.19"]
[Round "1"]
[White "Mohamed Garcia, Ismael"]
[Black "Beltran De Heredia E, Miguel"]
[Result "0-1"]
[WhiteElo "1814"]
[BlackElo "2229"]
[Annotator "NA"]
[PlyCount "86"]
[EventDate "2018.08.19"]
[EventType "team-tourn"]
[EventCountry "ESP"]
[SourceTitle "playchess.com"]
[Source "ChessBase"]
[SourceQuality "1"]
[TimeControl "900+5"]

1. d4 {[%emt 0:00:00]} Nf6 {[%emt 0:00:00]} 2. Bf4 {[%emt 0:00:01]} e6 {[%emt 0:00:00]} 3. e3 {[%emt 0:00:01]} c5 {[%emt 0:00:02]} 4. c3 {[%emt 0:00:02]} Nc6 $11 {[%emt 0:00:02]} 5. Nd2 {[%emt 0:00:03]} d5 {[%emt 0:00:07]} 6. Bd3 {[%emt 0:00:09]} Bd6 {[%emt 0:00:10]} 7. Bg3 {[%emt 0:00:02]} O-O {[%emt 0:00:15]} 8. Ngf3 {[%emt 0:00:01]} b6 {[%emt 0:00:11]} 9. Ne5 {[%emt 0:00:56]} Bb7 {[%emt 0:00:09]} 10. O-O {[%emt 0:00:06]} Qc7 {[%emt 0:00:34]} 11. Ndf3 {[%emt 0:00:05]} h6 {[%emt 0:00:32]} 12. Rc1 {[%emt 0:00:06]} Nd7 {[%emt 0:00:22]} 13. Nxd7 {[%emt 0:00:22]} Qxd7 {[%emt 0:00:02]} 14. Bxd6 {[%emt 0:00:02]} Qxd6 {[%emt 0:00:02]} 15. Bb1 {[%emt 0:00:02]} Rad8 {[%emt 0:01:06]} 16. Qc2 {[%emt 0:00:55]} f5 {[%emt 0:00:45]} 17. Rfd1 {[%emt 0:00:09]} c4 {[%emt 0:00:55]} 18. b4 {[%emt 0:00:46]} b5 {[%emt 0:00:42]} 19. a4 {[%emt 0:00:14]} a6 {[%emt 0:00:14]} 20. Qe2 {[%emt 0:01:21]} g5 {[%emt 0:01:15]} 21. h3 {[%emt 0:00:01]} Qe7 {[%emt 0:00:21]} 22. Bc2 {[%emt 0:00:10]} Qf6 {[%emt 0:00:45]} 23. axb5 {[%emt 0:00:45]} axb5 {[%emt 0:00:01]} 24. Ra1 {[%emt 0:01:40]} Ra8 {[%emt 0:00:01]} 25. Qe1 {[%emt 0:00:28]} Kg7 {[%emt 0:00:50]} 26. Rxa8 {[%emt 0:00:03]} Rxa8 {[%emt 0:00:01]} 27. Ra1 {[%emt 0:00:01]} Qd8 {[%emt 0:00:40]} 28. Qb1 {[%emt 0:00:44]} Qb8 {[%emt 0:00:12]} 29. Rxa8 {[%emt 0:01:33]} Qxa8 {[%emt 0:00:25]} 30. g4 {[%emt 0:00:02]} fxg4 {[%emt 0:01:00]} 31. hxg4 {[%emt 0:00:01]} Qa3 {[%emt 0:01:40]} 32. Bh7 {[%emt 0:00:16]} Ne7 {[%emt 0:00:01]} 33. Qc2 {[%emt 0:00:40]} Bc6 {[%emt 0:00:14]} 34. Ne5 {[%emt 0:01:11]} Be8 {[%emt 0:00:01]} 35. f4 {[%emt 0:00:06]} Qa1+ {[%emt 0:00:14]} 36. Kg2 {[%emt 0:00:03]} Qe1 {[%emt 0:00:11]} 37. f5 {[%emt 0:02:51]} Kxh7 {[%emt 0:00:43]} 38. f6+ {[%emt 0:00:13]} Ng6 {[%emt 0:00:02]} 39. f7 {[%emt 0:00:07]} Bxf7 {[%emt 0:00:02]} 40. Nxf7 {[%emt 0:00:10]} Kg7 {[%emt 0:00:11]} 41. Nd6 {[%emt 0:00:30]} Nh4+ {[%emt 0:01:09]} 42. Kh2 {[%emt 0:00:45]} Qxe3 {[%emt 0:00:12]} 43. Nxb5 {[%emt 0:00:40]} Nf3+ {[%emt 0:00:09]} 0-1

[Event "ESP-ch Rapid 2018"]
[Site "Linares"]
[Date "2018.08.19"]
[Round "1"]
[White "Meler Tevar, Sergio"]
[Black "Vinuela Diaz, Saul"]
[Result "0-1"]
[WhiteElo "1807"]
[BlackElo "2216"]
[Annotator "NA"]
[PlyCount "48"]
[EventDate "2018.08.19"]
[EventType "team-tourn"]
[EventCountry "ESP"]
[SourceTitle "playchess.com"]
[Source "ChessBase"]
[SourceQuality "1"]
[TimeControl "900+5"]

1. Nf3 {[%emt 0:00:00]} Nf6 {[%emt 0:00:00]} 2. d4 {[%emt 0:00:00]} e6 {[%emt 0:00:02]} 3. e3 {[%emt 0:00:00]} c5 {[%emt 0:00:02]} 4. c4 {[%emt 0:00:03]} d5 {[%emt 0:00:20]} 5. Nc3 {[%emt 0:00:14]} Nc6 {[%emt 0:00:10]} 6. cxd5 {[%emt 0:00:11]} Nxd5 {[%emt 0:00:15]} 7. Bc4 {[%emt 0:00:35]} cxd4 {[%emt 0:00:31]} 8. Nxd4 {[%emt 0:00:17]} Bb4 {[%emt 0:00:14]} 9. Nxc6 {[%emt 0:00:33]} bxc6 {[%emt 0:00:06]} 10. Bd2 {[%emt 0:00:08]} O-O {[%emt 0:00:57]} 11. O-O {[%emt 0:00:03]} Bd6 {[%emt 0:00:12]} 12. Qf3 {[%emt 0:00:27]} Qh4 {[%emt 0:00:13]} 13. h3 {[%emt 0:00:35]} Qxc4 {[%emt 0:00:04]} 14. e4 {[%emt 0:00:32]} Nxc3 {[%emt 0:00:56]} 15. Bxc3 {[%emt 0:00:07]} e5 {[%emt 0:00:03]} 16. Rfd1 {[%emt 0:00:14]} Qe6 {[%emt 0:00:10]} 17. Rac1 {[%emt 0:00:16]} Ba6 {[%emt 0:00:15]} 18. Ba5 {[%emt 0:00:23]} Be7 {[%emt 0:00:39]} 19. a3 {[%emt 0:01:52]} Rfc8 {[%emt 0:00:07]} 20. Rc3 {[%emt 0:00:38]} Rab8 {[%emt 0:00:13]} 21. Qe3 {[%emt 0:00:21]} c5 {[%emt 0:00:59]} 22. Qd2 {[%emt 0:00:10]} g6 {[%emt 0:00:44]} 23. Rf3 {[%emt 0:01:34]} Bb7 {[%emt 0:01:00]} 24. Re3 {[%emt 0:00:15]} Bg5 {[%emt 0:00:09]} 0-1

[Event "ESP-ch Rapid 2018"]
[Site "Linares"]
[Date "2018.08.19"]
[Round "1"]
[White "Mendez Martinez, Miguel Angel"]
[Black "Sanchez Jimenez, Juan Carlos"]
[Result "0-1"]
[WhiteElo "1763"]
[BlackElo "2228"]
[Annotator "NA"]
[PlyCount "58"]
[EventDate "2018.08.19"]
[EventType "team-tourn"]
[EventCountry "ESP"]
[SourceTitle "playchess.com"]
[Source "ChessBase"]
[SourceQuality "1"]
[TimeControl "900+5"]

1. d4 {[%emt 0:00:00]} e6 {[%emt 0:00:00]} 2. c4 {[%emt 0:00:02]} f5 {[%emt 0:00:03]} 3. g3 {[%emt 0:00:13]} Nf6 {[%emt 0:00:02]} 4. Bg2 {[%emt 0:00:03]} Be7 {[%emt 0:00:08]} 5. Nc3 {[%emt 0:00:13]} O-O {[%emt 0:00:03]} 6. Nf3 {[%emt 0:00:06]} d6 {[%emt 0:00:02]} 7. O-O {[%emt 0:00:04]} Ne4 {[%emt 0:00:05]} 8. Qc2 {[%emt 0:00:14]} Nxc3 {[%emt 0:00:08]} 9. Qxc3 {[%emt 0:00:04]} a5 {[%emt 0:00:02]} 10. b3 {[%emt 0:00:03]} Bf6 {[%emt 0:00:02]} 11. Bb2 {[%emt 0:00:23]} Nc6 {[%emt 0:00:02]} 12. e3 {[%emt 0:00:02]} e5 {[%emt 0:00:12]} 13. dxe5 {[%emt 0:00:26]} dxe5 {[%emt 0:00:04]} 14. Rfd1 {[%emt 0:00:18]} Qe8 {[%emt 0:00:46]} 15. Qd2 {[%emt 0:01:40]} Be6 {[%emt 0:01:49]} 16. Qe2 {[%emt 0:01:58]} Qh5 {[%emt 0:02:55]} 17. Rd2 {[%emt 0:01:44]} Rfd8 {[%emt 0:01:30]} 18. Rad1 {[%emt 0:00:03]} Rxd2 {[%emt 0:00:11]} 19. Rxd2 {[%emt 0:00:03]} a4 {[%emt 0:01:05]} 20. Nd4 {[%emt 0:03:35]} Qxe2 {[%emt 0:00:21]} 21. Nxe2 {[%emt 0:00:02]} axb3 {[%emt 0:00:08]} 22. axb3 {[%emt 0:00:02]} Kf7 {[%emt 0:00:45]} 23. Nc3 {[%emt 0:01:02]} e4 {[%emt 0:01:52]} 24. f3 {[%emt 0:00:54]} exf3 {[%emt 0:00:30]} 25. Bxf3 {[%emt 0:00:01]} Ne5 {[%emt 0:00:11]} 26. Bxb7 {[%emt 0:00:28]} Rb8 {[%emt 0:00:01]} 27. Bd5 {[%emt 0:00:03]} Rxb3 {[%emt 0:00:02]} 28. Bxe6+ {[%emt 0:00:19]} Kxe6 {[%emt 0:00:01]} 29. Nb5 {[%emt 0:00:09]} Nf3+ {[%emt 0:00:02]} 0-1

[Event "ESP-ch Rapid 2018"]
[Site "Linares"]
[Date "2018.08.19"]
[Round "2"]
[White "Anton Guijarro, David"]
[Black "Silva Rodriguez, Fernando"]
[Result "1-0"]
[WhiteElo "2652"]
[BlackElo "2239"]
[Annotator "TA"]
[PlyCount "59"]
[EventDate "2018.08.19"]
[EventType "team-tourn"]
[EventCountry "ESP"]
[SourceTitle "playchess.com"]
[Source "ChessBase"]
[SourceQuality "1"]

{[%evp 15,59,11,21,9,18,14,37,35,71,62,111,111,111,74,110,108,110,123,106,121,138,131,162,152,154,152,145,139,157,145,158,131,190,191,262,223,370,332,364,362,667,389,737,738,717,714]} 1. Nf3 d5 2. b3 c5 3. e3 Nc6 4. Bb2 Bg4 5. h3 Bh5 6. Bb5 {A06: Réti Opening:1 Nf3 d5} e6 7. Bxc6+ bxc6 8. d3 Nf6 {LiveBook: 3 Games} 9. g4 Bg6 10. Ne5 Bd6 11. Nd2 (11. Nxc6 $2 Qc7 $19) 11... Qc7 12. f4 d4 13. Ndc4 ({But not} 13. exd4 $6 cxd4 14. Bxd4 Nd5 $11) 13... Nd5 {[#]} 14. Qf3 $146 ({Reject} 14. exd4 $6 cxd4 15. Nxd6+ (15. Bxd4 f6 $11) 15... Qxd6 $11) 14... f6 15. Nxd6+ Qxd6 16. Nc4 Qc7 17. O-O-O dxe3 18. Rdf1 Bf7 19. g5 O-O-O 20. gxf6 gxf6 21. Nxe3 Qe7 22. Re1 Rhf8 23. Nc4 Qc7 (23... Bg6 $16) 24. Rhf1 Rde8 (24... Rfe8 {was called for.} 25. Qf2 Qe7) 25. Qf2 $18 Kd7 (25... Qe7 $142 26. Ba3 Nb4) 26. Qxc5 Bg6 27. Ba3 Nb6 $2 {[#]} (27... Bf5 28. Nd6 Qb6) 28. Nxb6+ axb6 $2 (28... Qxb6 29. Qd6+ Kc8 30. Rxe6 Bf5) 29. Qd4+ Kc8 30. Bxf8 {Precision: White = 86%, Black = 27%.} 1-0

[Event "ESP-ch Rapid 2018"]
[Site "Linares"]
[Date "2018.08.19"]
[Round "2"]
[White "Perez Candelario, Manuel"]
[Black "Arroyo Rodriguez, Jesus"]
[Result "1-0"]
[WhiteElo "2611"]
[BlackElo "2099"]
[Annotator "TA"]
[PlyCount "61"]
[EventDate "2018.08.19"]
[EventType "team-tourn"]
[EventCountry "ESP"]
[SourceTitle "playchess.com"]
[Source "ChessBase"]
[SourceQuality "1"]

{[%evp 21,61,21,30,-8,40,51,44,59,63,66,86,78,80,88,87,79,88,73,129,37,87,72,126,133,243,89,193,195,498,518,512,547,546,472,483,507,546,524,457,419,358,385]} 1. e4 c5 2. Ne2 g6 3. d4 cxd4 4. Nxd4 Bg7 5. c4 Nc6 6. Nc2 Nf6 7. Nc3 d6 8. Be2 Be6 9. O-O O-O 10. Bd2 Rc8 {B37: Sicilian: Maroczy Bind with 5...Bg7, sidelines} 11. Rc1 Nd7 {LiveBook: 5 Games} 12. b3 f5 {The position is equal.} 13. exf5 Bxf5 14. Ne3 Nd4 $146 ({Predecessor:} 14... Be6 15. Ned5 Nce5 16. f4 Nc6 17. Bg4 Bxg4 18. Qxg4 Nd4 19. Rce1 e6 20. Ne3 Nc5 21. Ne2 Re8 22. Nxd4 Bxd4 23. f5 exf5 24. Qxd4 {1-0 (24) Mueller,N (1958)-Klarner,A (1889) Oberhof 2011}) 15. Nxf5 Nxe2+ 16. Qxe2 Rxf5 17. Nd5 Ne5 18. f4 Nc6 19. Rce1 $36 {[%mdl 2048] White is really pushing.} Rf7 (19... Qd7 $142) 20. Qg4 (20. f5 $1 $16 {And now Qe6 would win.} Rxf5 21. Rxf5 gxf5 22. Qe6+ (22. Nxe7+ Qxe7 23. Qxe7 Nxe7 $16) 22... Kh8 23. Bg5 (23. Qxf5 Ra8 $16) (23. Nxe7 Nxe7 24. Qxe7 d5 $16)) 20... Qf8 21. g3 Bd4+ (21... Rb8 $142) 22. Kg2 $16 e5 (22... Rb8 $16 {was called for.} 23. Qe6 Kh8) 23. Be3 $2 (23. fxe5 $18 {is the precise move to win. Threatens to win with Rxf7.} Rf2+ 24. Rxf2 Qxf2+ 25. Kh3) 23... Re8 (23... Bxe3 $16 24. Rxe3 (24. Nxe3 exf4 25. gxf4 Re8 $14) 24... Re8) 24. Bxd4 $18 Nxd4 $2 (24... exd4 {is more resistant.} 25. Qd1 a6) 25. fxe5 $1 dxe5 {[#]} 26. Rxf7 $1 Qxf7 {[#]} 27. Qxd4 $1 {[%mdl 512]} exd4 28. Rxe8+ Qxe8 29. Nf6+ Kf7 30. Nxe8 Kxe8 31. Kf3 {Precision: White = 58%, Black = 20%.} 1-0

[Event "ESP-ch Rapid 2018"]
[Site "Linares"]
[Date "2018.08.19"]
[Round "2"]
[White "Ljubojevic, Ljubomir"]
[Black "Iglesias Leon, Francisco J"]
[Result "1-0"]
[WhiteElo "2571"]
[BlackElo "2129"]
[Annotator "TA"]
[PlyCount "65"]
[EventDate "2018.08.19"]
[EventType "team-tourn"]
[EventCountry "ESP"]
[SourceTitle "playchess.com"]
[Source "ChessBase"]
[SourceQuality "1"]

{[%evp 23,65,51,50,-121,-113,-130,-141,-147,-126,-141,-145,-169,-168,-166,-171,-241,-179,-230,-49,-108,190,167,477,-164,-146,-188,-203,-181,-182,-240,-227,-224,-72,-48,-94,-62,163,152,29991,29992,29996,29995,29995,895]} 1. d4 Nf6 2. c4 c5 3. d5 b5 4. cxb5 a6 5. bxa6 g6 6. Nc3 Bxa6 7. Nf3 Bg7 8. g3 d6 9. Bg2 O-O {A58: Benko/Volga Gambit: Lines with 5 bxa6} 10. O-O Nfd7 11. Qc2 Nb6 12. Rd1 Nc4 {LiveBook: 4 Games} 13. b3 $2 (13. Nd2 $14 {keeps the upper hand.}) 13... Qa5 $17 14. Ne4 $146 ({Predecessor:} 14. bxc4 Qxc3 15. Qxc3 Bxc3 16. Rb1 Bxc4 17. Bh6 {½-½ (60) Milosevic,G (2176)-Turov,M (2630) Zuerich 2012}) 14... Bxa1 15. bxc4 {aiming for Bd2.} Bg7 16. Bg5 Re8 17. Rb1 Nd7 18. Bd2 Qc7 19. Rb3 (19. Bh3 {was worth a try.}) 19... Reb8 20. h4 (20. Bh3 $142) 20... h5 $2 (20... Nb6 $1 $19 21. Ba5 Bc8) 21. Neg5 ({White should play} 21. Nfg5 $15 Rf8 22. f4) 21... Ne5 $2 {[%mdl 8192]} (21... Bf6 $17 22. Bh3 Nf8) 22. Nxe5 $18 Bxe5 $2 {[#]} (22... dxe5 23. d6 Qxd6) 23. Bh3 $4 {[%mdl 8192]} (23. Be4 $1 $18) 23... Bc8 $19 24. Be6 Bxe6 25. dxe6 f5 26. e4 (26. Kh2 {was necessary.} Rxb3 27. axb3) 26... Rxb3 27. axb3 Qb7 $2 (27... Ra1+ $19 {is more deadly.} 28. Kh2 Qc8) 28. exf5 $17 Ra1+ 29. Bc1 gxf5 $2 (29... Bf6 $1 $15 {stays ahead.} 30. Kh2 Qa8 31. fxg6 Qa2 32. Qxa2 Rxa2) 30. Kh2 $40 {[%mdl 128] [#] White wants a kill.} Bf6 $2 (30... Bxg3+ $1 $16 {[%mdl 512]} 31. fxg3 Qa8) 31. Qxf5 {White mates.} Bxg5 32. Qf7+ Kh8 33. Bb2+ {Precision: White = 36%, Black = 29%.} (33. Qxh5+ $142 Kg7 34. Qxg5+ Kf8 35. Qh6+ Kg8 36. Qg6+ Kh8 37. Bb2#) 1-0

[Event "ESP-ch Rapid 2018"]
[Site "Linares"]
[Date "2018.08.19"]
[Round "2"]
[White "Ibarra Jerez, Jose Carlos"]
[Black "Jimenez Martinez, Jose Vicente"]
[Result "1-0"]
[WhiteElo "2570"]
[BlackElo "2243"]
[Annotator "TA"]
[PlyCount "31"]
[EventDate "2018.08.19"]
[EventType "team-tourn"]
[EventCountry "ESP"]
[SourceTitle "playchess.com"]
[Source "ChessBase"]
[SourceQuality "1"]

{[%evp 20,31,66,50,81,66,78,65,131,113,679,571,564,571]} 1. Nf3 g6 2. g3 Bg7 3. d4 d6 4. b3 Nf6 5. Bb2 O-O 6. Bg2 Nc6 7. O-O e5 8. dxe5 Ng4 9. Nc3 Ngxe5 10. Nxe5 Bxe5 11. Qd2 {LiveBook: 8 Partien} Bd7 {A49: Königsindisch (ohne c2-c4)} (11... Re8 12. Rad1 a5 13. Rfe1 Bd7 14. Qc1 Be6 15. Nd5 Bxd5 16. Bxd5 Qf6 17. Bxe5 Qxe5 18. a3 Nd4 19. Bxb7 Nxe2+ 20. Rxe2 Qxe2 21. Bxa8 Rxa8 {0-1 (29) Dreev,A (2660)-Chigaev,M (2551) Sochi 2016}) 12. Rad1 $146 ({Vorgänger:} 12. Rae1 Qc8 13. f4 Bg7 14. e4 Bh3 15. f5 Bxg2 16. Kxg2 Qd8 17. Ba1 Ne5 18. Qf4 Re8 19. f6 {1-0 (63) Triapishko,O (2459)-Gogin,M (2183) St Petersburg 2015}) 12... h5 13. Qc1 Qc8 (13... Re8 $14) 14. Nd5 {[#] Und weiter mit Lxe5 wäre nett.} Bh3 $2 {[%mdl 8192]} (14... Be6 $16) 15. Bxe5 $18 dxe5 16. Qh6 ({Weniger gut wäre} 16. Nf6+ Kg7 $16) 1-0

[Event "ESP-ch Rapid 2018"]
[Site "Linares"]
[Date "2018.08.19"]
[Round "2"]
[White "Santos Ruiz, Miguel"]
[Black "Vazquez Gonzalez, Francisco"]
[Result "1-0"]
[WhiteElo "2517"]
[BlackElo "1926"]
[Annotator "TA"]
[PlyCount "71"]
[EventDate "2018.08.19"]
[EventType "team-tourn"]
[EventCountry "ESP"]
[SourceTitle "playchess.com"]
[Source "ChessBase"]
[SourceQuality "1"]

{[%evp 18,71,58,47,68,67,74,69,69,65,60,45,65,76,105,72,58,45,64,58,98,93,179,191,245,233,268,256,263,254,306,300,293,218,291,279,289,264,340,314,387,384,377,370,481,499,554,552,802,781,794,666,2167,1716,1982,1892]} 1. c4 f5 2. g3 Nf6 3. d4 d6 4. Nf3 g6 5. Bg2 Bg7 6. O-O O-O 7. Nc3 c6 8. b3 Na6 9. Bb2 Nc7 10. Re1 {LiveBook: 4 Games. A88: Dutch Defence: Leningrad System: 5 Nf3 0-0 6 0-0 d6 7 Nc3 c6} Qe8 11. e4 fxe4 12. Nxe4 {White is better.} Nxe4 13. Rxe4 Bf5 14. Re1 Qf7 15. Qd2 Bf6 $146 ({Predecessor:} 15... Rae8 16. Rad1 a6 17. a4 Bd7 {0-1 (36) Gutsko,N (2342)-Lopez Ortiz,J (2218) Krasnograd 2018}) 16. h4 Qg7 17. Rac1 Rae8 18. Ba1 Ne6 19. d5 {Hoping for Bxf6.} Nc5 {[#]} (19... Bxa1 $16 20. Rxa1 Nd8) 20. dxc6 $1 $18 bxc6 {[#]} (20... Bxa1 $142 21. Rxa1 Be4) 21. Nd4 $1 Bd7 22. Nxc6 Bxc6 23. Bxc6 Rc8 24. Bd5+ Kh8 25. Qe3 e5 26. b4 Na6 27. a3 Qd7 28. Red1 Bg7 29. Bg2 Qe7 30. Qd3 Qf6 31. Qxd6 {White is clearly winning.} Qxf2+ 32. Kh2 Nb8 33. Rf1 Qe3 34. Rce1 Qh6 35. Rxf8+ Rxf8 36. Bxe5 {Precision: White = 82%, Black = 25%.} 1-0

[Event "ESP-ch Rapid 2018"]
[Site "Linares"]
[Date "2018.08.19"]
[Round "2"]
[White "Arizmendi Martinez, Julen Luis"]
[Black "Carretero Ortiz, Francisco"]
[Result "1/2-1/2"]
[WhiteElo "2507"]
[BlackElo "2241"]
[Annotator "TA"]
[PlyCount "89"]
[EventDate "2018.08.19"]
[EventType "team-tourn"]
[EventCountry "ESP"]
[SourceTitle "playchess.com"]
[Source "ChessBase"]
[SourceQuality "1"]

{[%evp 15,89,48,51,43,46,41,84,71,97,80,108,85,77,91,137,62,98,85,120,84,120,100,177,164,160,166,255,154,233,64,75,41,48,50,54,54,43,41,98,106,516,520,517,499,505,487,437,327,364,356,357,327,327,327,646,654,646,646,646,646,312,8,8,8,8,8,8,8,8,8,8,8,8,8,8,8]} 1. d4 {[%cal Bd2d4,Bd4d5][%mdl 32]} Nc6 2. d5 Ne5 3. e4 e6 4. Nc3 (4. f4 exd5 5. fxe5 Qh4+ 6. Kd2 Qh6+ 7. Ke1 Qh4+ 8. Kd2 Qh6+ 9. Ke2 Qh5+ 10. Ke1 Qh4+ 11. Ke2 Qh5+ 12. Kd2 Qh6+ 13. Ke1 Qh4+ {½-½ (13) Jurcik,M (2491)-Cernousek,L (2453) Konya 2017}) 4... Nf6 5. f4 Ng6 6. dxe6 {A40: Unusual replies to 1 d4} dxe6 7. Qxd8+ Kxd8 8. Nf3 Bc5 {LiveBook: 3 Games} 9. e5 Ng4 $146 ({Predecessor:} 9... Nd5 10. Ne4 Be3 11. g3 Bxc1 12. Rxc1 Ke7 13. a3 {0-1 (55) Nguyen,P (2378)-Zajarnyi,A (2337) Rodatychi 2011}) 10. Ne4 Be3 {[#]} 11. g3 $1 Bd7 12. Bd3 Bc6 13. Ke2 Bb6 14. Rf1 h5 15. Bd2 (15. a4 $16) 15... Ke8 16. c4 Rd8 17. b4 {[%cal Bb2b4,Bb4b5][%mdl 32] [#] c5 is the strong threat.} Bd4 18. Rab1 Ne7 (18... h4 $16) 19. b5 $18 Bxe4 20. Bxe4 Nf5 (20... Bc5 $142 21. Bb4 (21. Bxb7 Nf5 $16) (21. h3 Nh6 $16) 21... Bxb4) 21. Bxb7 h4 (21... Bc5 $16) 22. Bb4 $2 (22. Bc6+ $18 Kf8 23. gxh4) 22... f6 $14 23. Be4 $36 {[%mdl 2048] aiming for Bxf5. White fights for an advantage.} hxg3 24. Bxf5 exf5 25. hxg3 {Hoping for e6.} fxe5 26. Rh1 Rxh1 ({Black should try} 26... Kd7 $14) 27. Rxh1 $16 {Threatens to win with Rh8+.} exf4 $2 {[%mdl 8192]} (27... Kd7 $16 {is tougher.}) 28. Rh8+ $18 Kd7 29. Rxd8+ Kxd8 30. Nxd4 fxg3 31. Nxf5 g2 32. Bc5 Ne5 33. Bxa7 Nxc4 34. Kf2 Na3 $2 (34... Kd7 35. a4 g1=N 36. Kxg1 c6) 35. Nd4 Kd7 36. Bc5 Nxb5 37. Nxb5 Kc6 38. Nc3 $2 ({And not} 38. Kxg2 Kxb5 39. Be7 Kc6 $11) (38. Na3 $18 Kxc5 39. Kxg2) 38... Kxc5 $11 {The position is equal.} 39. Kxg2 {[%mdl 4096] Endgame KN-KPP} Kc4 40. a4 Kb4 ({But not} 40... Kxc3 $2 41. a5 $18) 41. Kf3 c5 42. Ke3 c4 ({Not} 42... Kxc3 $2 43. a5 $18) 43. Kd4 g5 44. Nd5+ Kxa4 45. Kxc4 {Precision: White = 68%, Black = 32%.} 1/2-1/2